Countries that have hosted G20 summits - Statistics

General Stats
  • This quiz has been taken 108 times
  • The average score is 12 of 12
Answer Stats
Continent Country % Correct
North America Canada
100%
Europe France
100%
South America Argentina
99%
Oceania Australia
99%
Asia China
99%
Europe Germany
99%
North America Mexico
99%
Europe United Kingdom
99%
North America United States of America
99%
Asia/ Europe Russia
97%
Asia/ Europe Turkey
95%
Asia South Korea
87%
No matching quizzes found
Score Distribution
Percent of People with Each Score
Percentile by Number Answered
Your Score History
You have not taken this quiz